000 00542ntaaa2200193 4500
003 01
005 20251027202846.0
008 0714s1973 ag 01
040 _aAR-BaBN
_bspa
_cAR-BaBN
_eaacr
_dRIC
082 _a269.0000 F31
100 _aFeather, Othal R
_929164
245 _aManual for promoting personal evangelism through the Sunday school
250 _a1 ed.
260 _aNashville :
_bConvention Press,
_cc1959
300 _a32 p
650 _aevangelismo personal
650 _aescuela dominical-evangelismo
_929165
942 _cBK
999 _c23961
_d23961